Mock Trial Objections Quiz Stats

 Plays Quiz not verified by Sporcle

Score 0/26 Timer 12:00
0 Plays Today
objection citation % Correct
A “statement” is (1) an oral or written assertion or (2) nonverbal conduct of a person, if it is intended by the person as an assertion.801 a
83.3%
HEARSAY RULE802
71.3%
TESTIMONY BY EXPERTS702
70.7%
OPINION TESTIMONY BY LAY WITNESSES701
68%
all relevant evidence is admissible, except as otherwise provided by the US constitution. Evidence which is not relevant is not admissible.402
66%
BASES OF OPINION TESTIMONY BY EXPERTS703
65.3%
hearsay exceptions if declarant is unavailable 804
65.3%
definition of relevant evidence 401
64.7%
EXCLUSION OF RELEVANT EVIDENCE ON GROUNDS OF PREJUDICE, CONFUSION, OR WASTE OF TIME403
62%
LACK OF PERSONAL KNOWLEDGE602
57.3%
OPINION ON ULTIMATE ISSUE704
53.3%
admission by party-opponent (not hearsay)801 d 2
52.7%
hearsay exception, declarant available as witness - records of regularly conducted activity803 6
52%
objection citation % Correct
Declarant. - a person who makes a statement801 b
51.3%
hearsay within hearsay not excluded if each part of statement conforms with an exception to the hearsay rule (805
48.7%
DISCLOSURE OF FACTS OR DATA UNDERLYING EXPERT OPINION: expert may testify in terms of opinion or inference and give reasons without first testifying to the underlying facts or data705
48%
Hearsay: a statement, other than one made by the declarant while testifying at the trial/hearing, offered in evidence to prove the truth of the matter asserted.801 c
48%
hearsay exception, declarant available as witness - then existing mental, emotional or physical condition 803 3
46.7%
hearsay exception, declarant available as witness - present sense impression803 1
46%
hearsay exception, declarant available as witness - statement for purposes of medical diagnosis or treatment803 4
44.7%
hearsay exception, declarant available as witness -excited utterance803 2
42.7%
hearsay exception, declarant available as witness - public records and reports803 8
38.7%
At the request of a party the court shall order witnesses constructively excluded so that they cannot hear the testimony of other witnesses.615
33.3%
prior statement by witness. (not hearsay)801 d 1
28.7%
hearsay exception, declarant available as witness - learned treatises803 18
28%
telephone conversations admissible if person answering is shown to be the one called, or if the call relates to business reasonably transacted over the phone901 b 6
14%

You're not logged in!

Compare scores with friends on all Sporcle quizzes.
OR
Log In

Show Comments

Extras

Created Nov 9, 2010ReportNominate
Tags:citation, mock, objection, trial

Top Quizzes Today


Score Distribution

Your Account Isn't Verified!

In order to create a playlist on Sporcle, you need to verify the email address you used during registration. Go to your Sporcle Settings to finish the process.

Report this User

Report this user for behavior that violates our Community Guidelines.

Details: